000 00469ntaaa2200181 4500
003 01
005 20251027201619.0
008 0714s1973 ag 01
040 _aAR-BaBN
_bspa
_cAR-BaBN
_eaacr
_dRIC
082 _a248.3000 G99o
100 _aGuyon, Jeanne María Bouvier de La Mothe
_914893
245 _aLa oración interior
250 _a1 ed.
260 _aBuenos Aires :
_bArgen-Press,
_c1983
300 _a50 p ;
_c21 cm
650 _aoración
_91331
942 _cBK
999 _c10800
_d10800